Statystyki dla Kartkówka Niemiecki

Kliknij tutaj aby rozwiązać quiz!

Ogólne statystyki

  • Ten quiz został rozwiązany 12 razy
  • Średni wynik to 13 z 55

Statystyki odpowiedzi

PolskiNiemiecki% Poprawnych
PodUnter
75%
WisiećHängen
63%
WIn
63%
LeżećLiegen
63%
ZaHinter
50%
StaćStehen
50%
NadÜber
50%
NaAuf
38%
ŁóżkoDas Bett
38%
ObrazDas Bild
38%
OknoDas Fenster
38%
KrzesłoDer Stuhl
38%
LampaDie Lampe
38%
PrzedVor
38%
Na,przyAn
25%
ŁazienkaDas Bad
25%
DachDas Dach
25%
Pokój dziecięcyDas Kinderzimmer
25%
RegałDas Regal
25%
SofaDas Sofa
25%
SzafaDer Schrank
25%
FotelDer Sessel
25%
KuchniaDie Küche
25%
StółDie Tisch
25%
DrzwiDie Tür
25%
ŚcianaDie Wand
25%
GazetaDie Zeitung
25%
ObokNaben
25%
NiżejTief
25%
GabinetDas Arbeitszimmer
13%
JadalniaDas Essezimmer
13%
ZdjęcieDas Foto
13%
SypialniaDas Schlaftzimmer
13%
WazonDas Vase
13%
SalonDas Wohnzimmer
13%
BalkonDer Balkon
13%
TelewizorDer Fernsehen
13%
BasenDer Pool
13%
KsiążkaDie Bücher
13%
GarażDie Garage
13%
KomodaDie Kommode
13%
Stolik nocnyDie Nachttisch
13%
PomieszczenieDie Raum
13%
PiętroDie Stockwerke
13%
DywanDie Teppisch
13%
TarasDie Terrase
13%
SchodyDie Trecke
13%
Kuchnia otwarta na salonDie Wohnküche
13%
MieszkanieDie Wohnug
13%
Jest tuGibt es
13%
Znajdować sięSichbefinden
13%
TkwićStecken
13%
BasenDas Schwimmbad
0%
BiurkoDie Schraibtisch
0%
PomiędzyZwichem
0%

Rozkład punktacji

Percentyl według liczby udzielonych odpowiedzi

Procent ludzi z każdym wynikiem

Twoja historia wyników

Nie rozwiązałeś tego quizu